01505nam a2200241Ia 4500001000600000003000900006008004100015040001300056040001300069041001300082100001700095100002900112245007100141245002500212250001100237260001100248260002000259260004900279300005700328500082200385650002501207650003101232H5707IT-RoPAU130308s9999 xx 000 0 und d aIT-RoPAU cIT-RoPAU aITALIANO aRullani Enzo gCodice Aut. SPICS: 53033 aCittà infinita: spazio e trama della modernità riflessiva (La) bCitta' Infinita (La) a1a ed. aMILANO bMondadori Bruno c2004 [1° Ed.:2004 - Ed.Ling.Originale:2004] a"27 p. (prefazione: no ; testo: 27 [pagine: 65-92])" aPremessa. Elogio della Periferia. La Metafora del Viaggio, e del Viaggiatore: Condizione della Nuova Esperienza Dello Spazio. La Città Infinita Comefatto Empirico: Racconti e Storie Sull'Orlo del Caos. tre Città in Una. luoghi Antropologici e Non Luoghi. Artificializzazione e Contesti. tre Archetipi di Organizzazione Dello Spazio. Lo Spazio Circolare, Archetipo della Pre Modernità. Lo Spazio Seriale, Archetipo della Prima Modernità. Lo Spazio Riflessivo, Espressione Emergente della seconda Modernità. Antefatto Storico: la scomparsa del Territorio. La riscoperta Politica del Territorio, al culmine del Fordismo. Macchine Indietro Tutta: Arriva la Globalizzazione. Diversi Tipi di Internazionalizzazione. Sorpresa: Il Territorio Rinasce... Ma Non è Piu' Lo Stesso. per Concludere: la Nuova Frontiera. aSAGGI DI URBANISTICA eCodice materia Spics: 5361